000 01246nam a2200277Ia 4500
999 _c43772
_d43772
001 10517
003 GE_BSU
005 20221031120759.0
008 181216s2012||||ge |||||||||||||| ||geo||
020 _a9789941023897
040 _cGE_BSU
041 _ageo
080 _a336.71(075.8)+347.734(075.8)+005.91:336.71 ქ-69
100 _aქოქიაური, ლამარა
_9217
245 _aსაბანკო საქმიანობის საფუძვლები :
_bბანკო საქმე. სახელმძღვ. ეკონ. პროფ. უმაღლ. სასწავლებლებისათვის /
_cლამარა ქოქიაური.
250 _aმე–3 გამოც.
264 _aთბილისი ;
_bსაქ.ტექნ.უნ–ტი,
_c2012.
300 _a1047 გვ.;
_b27 სმ.
501 _aდანართები: გვ. 970-977.
541 _h35ლ.
653 _aსაბანკო საქმე
653 _a საბანკო სამართალი
653 _a კომერციული ბანკები
653 _a საბანკო მენეჯმენტი
942 _cBK
_2udc